Islamic history : a framework for inquiry

Bibliographic Details
Main Author: Humphreys, R.Stephen
Format: Book
Published: London : I.B.Tauris & Co Ltd. , 1991
Edition:Revised ed
Subjects:

MARC

LEADER 00000cam a2200000 7i4500
001 0000005929
002 000006404
005 20000330.0
020 |a 1850433607 
090 0 0 |a 297.09   |b HUM 
100 1 |a Humphreys, R.Stephen 
245 1 0 |a Islamic history :   |b a framework for inquiry   |c R. Stephen Humphyreys 
250 |a Revised ed 
260 |a London :   |b I.B.Tauris & Co Ltd. ,   |c 1991 
300 |a 401p. ;   |c 24cm. 
650 0 0 |a Islam   |x History 
999 |a 030569   |b BUKU   |c PINJAMAN   |e PERPUSTAKAAN KOMUNITI PETALING JAYA